Easy Mandarin 1 / (Record no. 117723)
[ view plain ]
| 000 -LEADER | |
|---|---|
| fixed length control field | 00584nam a2200193Ia 4500 |
| 008 - FIXED-LENGTH DATA ELEMENTS--GENERAL INFORMATION | |
| fixed length control field | 140529s9999 xx 000 0 und d |
| 020 ## - INTERNATIONAL STANDARD BOOK NUMBER | |
| International Standard Book Number | 9789712360473 |
| 050 ## - LIBRARY OF CONGRESS CALL NUMBER | |
| Classification number | PL 1125 |
| Item number | .C559 2011 |
| 100 ## - MAIN ENTRY--PERSONAL NAME | |
| Personal name | Chua, Corazon Koh. |
| 245 ## - TITLE STATEMENT | |
| Title | Easy Mandarin 1 / |
| Statement of responsibility, etc | Corazon Koh Chua, Margareth Joy C. Chan |
| 260 ## - PUBLICATION, DISTRIBUTION, ETC. (IMPRINT) | |
| Place of publication, distribution, etc | Manila, Philippines : |
| Name of publisher, distributor, etc | Rex Book Store, Inc., |
| Date of publication, distribution, etc | c2011. |
| 300 ## - PHYSICAL DESCRIPTION | |
| Extent | 138 p. : |
| Other physical details | ill. ; |
| Dimensions | 28 cm. |
| 500 ## - GENERAL NOTE | |
| General note | Includes bibliographical references. |
| 521 ## - TARGET AUDIENCE NOTE | |
| Target audience note | |
| 650 ## - SUBJECT ADDED ENTRY--TOPICAL TERM | |
| Topical term or geographic name as entry element | Chinese language. |
| 650 ## - SUBJECT ADDED ENTRY--TOPICAL TERM | |
| Topical term or geographic name as entry element | Mandarin dialects. |
| 942 ## - ADDED ENTRY ELEMENTS (KOHA) | |
| Call number prefix | Local |
| Koha item type | Books |
| Withdrawn status | Lost status | Source of classification or shelving scheme | Damaged status | Home library | Current library | Shelving location | Date acquired | Source of acquisition | Cost, normal purchase price | Total Checkouts | Full call number | Barcode | Date last seen | Price effective from | Koha item type | Public note |
|---|---|---|---|---|---|---|---|---|---|---|---|---|---|---|---|---|
| Library of Congress Classification | College Library | College Library | Filipiniana Section | 05/30/2014 | Donation | 410.00 | PL 1125 .C559 2011 | C16787 | 05/08/2018 | 05/30/2014 | Books | Found on July 4, 2017 |